| 000 | 00477nam a2200181 a 4500 | ||
|---|---|---|---|
| 001 | 28903 | ||
| 005 | 20180713231850.0 | ||
| 008 | 140415s1985 sp 000 0 spa d | ||
| 020 | _a842394400X | ||
| 041 | _aspa | ||
| 082 |
_a900.16 _bMAN |
||
| 100 | 1 | _aMANN ALFRED HEUSS, GOLO | |
| 245 | 1 | 3 | _aDE LA REFORMA A LA REVOLUCION 2 |
| 250 | _a1a ed. | ||
| 260 |
_aESPAÑA : _bESPASA CALPE, _c1985 |
||
| 300 |
_a849 _c14 x 2 x 16 |
||
| 650 | 1 | 4 | _aHISTORIA UNIVERSAL |
| 999 |
_c28903 _d28903 |
||